Match the slogan to the company (fast food restaurants) Quiz Stats

 Plays Quiz not verified by Sporcle

Score 0/23 Timer 02:30
0 Plays Today
% Correct
McDonalds
83.9%
KFC
82.6%
Subway
79.7%
Fridays
78.1%
Jack in the Box
77.4%
Burger King
68.5%
Papa Johns
65.8%
Taco Bell
54.7%
Little Caesars
50.4%
Dominos Pizza
47.8%
Apple Bees
45%
Red Robin
35.6%
% Correct
A&W
33.3%
Wendy’s
29.7%
Dairy Queen
27.1%
Fat Burger
27%
Hardees
21.4%
Arby’s
20.1%
Checkers
19.8%
Fuddruckers
18.6%
Chilis
17%
Carl’s Jr.
13.5%
Pizza Hut
8.7%

You're not logged in!

Compare scores with friends on all Sporcle quizzes.
OR
Log In

You Might Also Like...

Show Comments

Extras

Created Jan 4, 2019Curator PickedReportNominateIcon Source: https://upload.wikimedia....
Tags:Slogans Quiz

Top Quizzes Today


Score Distribution

Your Account Isn't Verified!

In order to create a playlist on Sporcle, you need to verify the email address you used during registration. Go to your Sporcle Settings to finish the process.

Report this User

Report this user for behavior that violates our Community Guidelines.

Details: